Luisiana / (Record no. 11502)

MARC details
000 -LEADER
campo de control de longitud fija 00827nam a2200265 i 4500
001 - NÚMERO DE CONTROL
campo de control 11502
003 - IDENTIFICADOR DE NÚMERO DE CONTROL
campo de control ES-MaACL
005 - FECHA Y HORA DE LA ÚLTIMA TRANSACCIÓN
campo de control 20250831014555.0
007 - CAMPO FIJO DE DESCRIPCIÓN FÍSICA--INFORMACIÓN GENERAL
campo de control de longitud fija t|
008 - DATOS DE LONGITUD FIJA--INFORMACIÓN GENERAL
campo de control de longitud fija 921209s1992 sp a |||| | spa d
020 ## - NÚMERO INTERNACIONAL ESTÁNDAR DEL LIBRO
Número Internacional Estándar del Libro 84-7100-558-1
080 ## - NÚMERO DE LA CLASIFICACIÓN DECIMAL UNIVERSAL
Número de la Clasificación Decimal Universal 976.3"15/18"
100 1# - ENTRADA PRINCIPAL--NOMBRE DE PERSONA
Nombre de persona Hoffman, Paul E. (
Fechas asociadas al nombre 1943-)
9 (RLIN) 162240
245 10 - MENCIÓN DEL TÍTULO
Título Luisiana /
Mención de responsabilidad, etc. Paul E. Hoffman ; [traducción, Eliézer Gutman].
260 ## - PUBLICACIÓN, DISTRIBUCIÓN, ETC.
Lugar de publicación, distribución, etc. Madrid :
Nombre del editor, distribuidor, etc. MAPFRE,
Fecha de publicación, distribución, etc. [1992]
300 ## - DESCRIPCIÓN FÍSICA
Extensión 328 p :
Otras características físicas il. ;
Dimensiones 23 cm.
490 1# - MENCIÓN DE SERIE
Mención de serie Colección España y Estados Unidos ;
Designación de volumen o secuencia 8
500 ## - NOTA GENERAL
Nota general Índices.
504 ## - NOTA DE BIBLIOGRAFÍA, ETC.
Nota de bibliografía, etc. Bibliografía: p. [313]-315.
651 #4 - PUNTO DE ACCESO ADICIONAL DE MATERIA--NOMBRE GEOGRÁFICO
Nombre geográfico Luisiana-
Subdivisión general Historia.
9 (RLIN) 162241
700 1# - ENTRADA AGREGADA--NOMBRE PERSONAL
Nombre de persona Gutman, Eliézer.
9 (RLIN) 61242
830 00 - PUNTO DE ACCESO ADICIONAL DE SERIE-TÍTULO UNIFORME
Título uniforme Colección España y Estados Unidos (Mapfre)
Designación de volumen o secuencia 8
9 (RLIN) 179133
852 ## - LOCALIZACIÓN
Ubicación ES-MaACL
Número de control de estantería L-18827
Holdings
Estatus retirado Estado de pérdida Estado de daño No para préstamo Biblioteca de origen Biblioteca actual Ubicación en estantería Fecha de adquisición Fuente de adquisición Total de préstamos Signatura topográfica completa Código de barras Visto por última vez Precio de reemplazo Tipo de ítem Koha
        Biblioteca del Ateneo de Madrid Biblioteca del Ateneo de Madrid Depósito 2 17/01/2008     L-18827 1011725 23/02/2023 23/02/2023 Libro impreso